000 00882nam a2200253Ia 4500
003 OSt
005 20220923215655.0
006 a|||||r|||| 00| 0
007 ta
008 220922b |||||||| |||| 00| 0 hin d
024 _a180,777
037 _cTextual
040 _aARTS
_cARTS
_bhin
041 _2hin
_ahin
082 _aO152,1xN, L0
100 _aगोपेश, गोपी कृष्ण, संपा.
245 0 _aहिन्दी कविता
_b बदम्भती दिशाएॅ
246 _aHindī kavitā: badambhatī dishāeॅ
260 _aइलाहाबाद
_b किताब महल
_c1970
300 _a59 पृ.
_ccm.
650 _aहिन्दी साहित्य
_9156264
942 _hO152,1xN, L0
_cTEXL
_2CC
999 _c334155
_d334155